| 000 | 01384nam0a22002771 4500 | ||
|---|---|---|---|
| 001 | rc\3320541 | ||
| 005 | 20130115150908.5 | ||
| 021 |
_aRU _b[70-15811] |
||
| 035 | _a(NLR Aleph) 007508588 | ||
| 090 |
_a7688517 _c7688517 |
||
| 100 | _a20130115d1970 |||y0rusy50 ca | ||
| 101 | 0 | _arus | |
| 102 | _aRU | ||
| 105 | _ay b ||||| | ||
| 200 | 1 |
_aИспользование информации классификатора-ценника материалов и покупных изделий при решении задач с помощью ЭВМ _fГос. план. ком. Совета Министров БССР. Белорус. науч.-исслед. ин-т науч.-техн. информации и техн.-экон. исследований Госплана БССР |
|
| 210 |
_aМинск _cБ. и. _d1970 |
||
| 215 |
_a48 с. _d20 |
||
| 606 |
_aЭкономическая информация _xОбработка на вычислительных машинах _2psbo |
||
| 606 |
_aПромышленная продукция _jКлассификаторы _xКодирование _2psbo |
||
| 700 | 1 |
_aДудкин _bГ. Е. _gГеннадий Емельянович |
|
| 701 | 1 |
_aКлимкович _bН. Н. _gНиколай Никифорович |
|
| 801 | 0 |
_aRU _bNLR _gpsbo |
|
| 801 | 1 |
_aRU _bELAR _2rusmarc |
|
| 852 |
_aNLR _j70-4/2243 |
||
| 942 | _cBOOK | ||
| 980 | _aNB | ||